(One hundred) 100 great leaders: (Record no. 13323)

MARC details
000 -LEADER
fixed length control field 01042nam a22002537a 4500
005 - DATE AND TIME OF LATEST TRANSACTION
control field 20080605124127.0
006 - FIXED-LENGTH DATA ELEMENTS--ADDITIONAL MATERIAL CHARACTERISTICS--GENERAL INFORMATION
fixed length control field a|||||r|||||00| 0
007 - PHYSICAL DESCRIPTION FIXED FIELD--GENERAL INFORMATION
fixed length control field ta
008 - FIXED-LENGTH DATA ELEMENTS--GENERAL INFORMATION
fixed length control field 080605t xxu||||| |||| 00| 0 eng d
010 ## - LIBRARY OF CONGRESS CONTROL NUMBER
LC control number B-263670
020 ## - INTERNATIONAL STANDARD BOOK NUMBER
International Standard Book Number 075546625X
Terms of availability 135.00
035 ## - SYSTEM CONTROL NUMBER
System control number B-263670
037 ## - SOURCE OF ACQUISITION
Stock number 562
Source of stock number/acquisition Star Book Point/4.5.08/4/8.4.08/19.5.08/135.00/
040 ## - CATALOGING SOURCE
Original cataloging agency DPL
Language of cataloging EN
082 ## - DEWEY DECIMAL CLASSIFICATION NUMBER
Classification number 920 / ONE
245 ## - TITLE STATEMENT
Title (One hundred) 100 great leaders:
Remainder of title explore the lives of the powerful leaders ofthe ancient and modern worlds in this fact-filled, illustrated guide to great leaders
260 ## - PUBLICATION, DISTRIBUTION, ETC. (IMPRINT)
Place of publication, distribution, etc Bath
Name of publisher, distributor, etc Robert Frederick
Date of publication, distribution, etc 2007
260 ## - PUBLICATION, DISTRIBUTION, ETC. (IMPRINT)
Place of publication, distribution, etc Delhi
Name of publisher, distributor, etc Star Book Point (Vendor)
Date of publication, distribution, etc 2007
270 ## - ADDRESS
Address 4 North Parade
City Bath BA1 1LF UK
270 ## - ADDRESS
Address Delhi
City G/146 Geeta Colony
Postal code 110031
300 ## - PHYSICAL DESCRIPTION
Extent 46p.
Other physical details col. photos
Dimensions 27 cm (Hb)
942 ## - ADDED ENTRY ELEMENTS (KOHA)
Source of classification or shelving scheme Dewey Decimal Classification
Koha item type Children Books
Classification part 920 / ONE
Holdings
Withdrawn status Lost status Damaged status Not for loan Collection code Home library Current library Date acquired Source of acquisition Cost, normal purchase price Total Checkouts Full call number Barcode Date last seen Copy number Cost, replacement price Price effective from Koha item type
        Non-fiction Sarojini Nagar Sarojini Nagar 05/06/2008 Star Book Point/4.5.08/4/8.4.08/19.5.08/135.00/ 135.00   920 / ONE B-263670 15/09/2008 1 135.00 15/09/2008 Children Books

© Delhi Public Library
Hit Counter
free hit counter